00314nam a2200121Ia 4500008004100000040001600041041001200057082001600069100002100085245003900106260003000145300001700175230917s9999||||xx |||||||||||||| ||und|| e94956aMAIN aEnglish a370.01 S23T aSharma, Ram Nath 0aTextbook of educational philosophy aNew DelhibKanishkac2000 aviii, 525 p.